|
|
|
|
| LEADER |
00911nam a2200241 a 4500 |
| 001 |
AAL9361 |
| 005 |
20171104102519.0 |
| 008 |
171104s2007 flu 000 1 eng |
| 999 |
|
|
|c 38490
|d 38490
|
| 010 |
|
|
|a 2006021732
|
| 040 |
|
|
|a DLC
|c DLC
|d BAKER
|d BTCTA
|d C#P
|d YDXCP
|d IXA
|d DLC
|d BD-DhAAL
|
| 050 |
0 |
0 |
|a PS3558.A42169
|b R45 2007
|
| 082 |
0 |
0 |
|a 813/.54
|2 22
|
| 245 |
1 |
4 |
|a The reluctant fundamentalist /
|c Riz Ahmed
|
| 260 |
|
|
|a Orlando :
|b Harcourt,
|c c2007.
|
| 300 |
|
|
|a 1 videodisc (ca. 117 min.) :
|b sd., col. ;
|c 4 3/4 in.
|
| 600 |
|
|
|a Ahmed, Riz
|9 22963
|
| 650 |
|
0 |
|a Pakistani Americans
|v Fiction.
|9 22964
|
| 650 |
|
0 |
|a Race discrimination
|v Fiction.
|9 22965
|
| 650 |
|
0 |
|a Self-perception
|v Fiction.
|9 22966
|
| 655 |
|
0 |
|a Psychological fiction.
|9 22968
|
| 942 |
|
|
|2 ddc
|c AV
|
| 952 |
|
|
|0 0
|1 0
|2 ddc
|4 0
|6 813_000000000000000__54_REL
|7 0
|9 61718
|a SCL
|b SCL
|c AV
|d 2017-11-04
|l 0
|o 813.54 REL
|p 4020009361
|r 2017-11-04
|t 1
|w 2017-11-04
|y AV
|